| 000 | 01042nmm a2200325 i 4500 | ||
|---|---|---|---|
| 001 | bg | ||
| 946 | _c27,97 | ||
| 100 | 1 | _aAllison, John. | |
| 245 | 1 | 0 |
_aThe Business _h[Dokument elektroniczny] : _bpre-intermediate / _cJohn Allison, Will Capel & Pete Sharma. |
| 246 | 3 | 0 | _aBusiness |
| 250 | _aVersion 1.0.0801., impr. | ||
| 260 |
_a[S.l.] : _bMacmillan Publishers, _ccop. 2008. |
||
| 300 |
_a1 dysk optyczny (DVD-ROM) : _bkolor ; _c12 cm. |
||
| 500 | _aOpis z etykiety na dysku. | ||
| 500 | _aKoperta : 13x13 cm. | ||
| 500 | _aStanowi całość z podręcznikiem o tym samym tyt. | ||
| 650 | 9 | _aJęzyk angielski | |
| 650 | 9 |
_aNauki ekonomiczne _xterminologia |
|
| 655 | _aPodręczniki | ||
| 655 | _aDokumenty elektroniczne | ||
| 700 | 1 | _aCapel, Will. | |
| 700 | 1 | _aSharma, Pete. | |
| 020 | _a9780230021556 | ||
| 040 | _cBPK | ||
| 041 | 1 | _ager | |
| 044 | _aDEU | ||
| 920 | _a978-0-230-02155-6 | ||
| 942 | _cDVD | ||
| 008 | s pl f |000 0 pol | ||
| 999 |
_c41239 _d41239 |
||
| 856 |
_uhttp://koha.tu.koszalin.pl/cgi-bin/koha/opac-detail.pl?biblionumber=41239 _yKatalog online BPK |
||